TEXT BOOK OF FORENSIC MEDICINE AND TOXICOLOGY (Record no. 11640)

MARC details
000 -LEADER
fixed length control field 00360nam a22001577a 4500
003 - CONTROL NUMBER IDENTIFIER
control field SGT
020 ## - INTERNATIONAL STANDARD BOOK NUMBER
International Standard Book Number 978-81-8445-146-7
082 ## - DEWEY DECIMAL CLASSIFICATION NUMBER
Classification number 614.1
Item number F14D
100 ## - MAIN ENTRY--PERSONAL NAME
Personal name DIKSHIT, P.C
245 ## - TITLE STATEMENT
Title TEXT BOOK OF FORENSIC MEDICINE AND TOXICOLOGY
250 ## - EDITION STATEMENT
Edition statement 2ND
260 ## - PUBLICATION, DISTRIBUTION, ETC. (IMPRINT)
Place of publication, distribution, etc NEW DELHI
Name of publisher, distributor, etc PEEPEE PUB
Year of Publication 2014
300 ## - PAGE DESCRIPTION
No. of Pages 632
650 ## - SUBJECT ADDED ENTRY--TOPICAL TERM
Topical term or geographic name as entry element AYURVEDA
942 ## - ADDED ENTRY ELEMENTS (KOHA)
Source of classification or shelving scheme Dewey Decimal Classification
Koha item type Books
942 ## - ADDED ENTRY ELEMENTS (KOHA)
-- 6
Holdings
Withdrawn status Lost status Source of classification or shelving scheme Damaged status Use restrictions Not for loan Collection code Home library Current library Shelving location Date acquired Vendor Name Cost, normal purchase price SGTU Bill Number Full call number Accession No. (Barcode) Date last seen Bill Date Koha item type Total Checkouts Date last borrowed
    Dewey Decimal Classification   Restricted Access   AYURVEDA SGT FA-FP Library SGT FA-FP Library Reference Book 31/05/2017 AHUJA PUB 475.00 SGTU 8044 614.1 F14D FA6626 31/05/2017 11/04/2017 Books    
    Dewey Decimal Classification       AYURVEDA SGT FA-FP Library SGT FA-FP Library Text Book 31/05/2017 AHUJA PUB 475.00 SGTU 8044 614.1 F14D FA6627 12/06/2024 11/04/2017 Books 2 29/05/2024
    Dewey Decimal Classification       AYURVEDA SGT FA-FP Library SGT FA-FP Library Text Book 31/05/2017 AHUJA PUB 475.00 SGTU 8044 614.1 F14D FA6628 31/05/2017 11/04/2017 Books    
    Dewey Decimal Classification       AYURVEDA SGT FA-FP Library SGT FA-FP Library Text Book 31/05/2017 AHUJA PUB 475.00 SGTU 8044 614.1 F14D FA6629 23/08/2024 11/04/2017 Books 4 23/08/2024
    Dewey Decimal Classification       AYURVEDA SGT FA-FP Library SGT FA-FP Library Text Book 31/05/2017 AHUJA PUB 475.00 SGTU 8044 614.1 F14D FA6630 31/05/2017 11/04/2017 Books